000
00323nam a22001457a 4500
020
_a
978-8131304457
041
_a
ENG
100
_a
S N Mahindru
245
_a
Food Science & Technology
250
_a
2 Edition
260
_a
New Delhi
_b
A.P.H Publishing Corporation
_c
2019
300
_a
259
650
_a
APE
856
_u
APE
999
_c
31
_d
31